[Event "Leipzig VfB op 14th"]
[Site "Leipzig"]
[Date "2007.03.24"]
[Round "8"]
[White "Thies, Dietmar"]
[Black "Grosse, Frank"]
[Result "1/2-1/2"]
[WhiteElo "1982"]
[BlackElo "1630"]
[PlyCount "48"]
[EventDate "2007.03.20"]
[EventType "swiss"]
[EventRounds "9"]
[EventCountry "GER"]
[SourceTitle "EXT 2008"]
[Source "ChessBase"]
[SourceDate "2007.11.25"]
[SourceVersion "1"]
[SourceVersionDate "2007.11.25"]
[SourceQuality "1"]

1. e4 c6 2. d4 d5 3. Nc3 dxe4 4. Nxe4 Bf5 5. Ng3 Bg6 6. h4 h6 7. Nf3 Nd7 8. h5 Bh7 9. Bd3 Bxd3 10. Qxd3 Ngf6 11. Bf4 Qa5+ 12. Bd2 Qc7 13. 0-0-0 0-0-0 14. Ne4 Nxe4 15. Qxe4 Nf6 16. Qe2 e6 17. g3 Bd6 18. c4 c5 19. Bc3 Kb8 20. dxc5 Qxc5 21. Rxd6 Rxd6 22. Be5 Rhd8 23. Rd1 Kc8 24. Bxd6 Rxd6 1/2-1/2

[Event "Leipzig VfB op 14th"]
[Site "Leipzig"]
[Date "2007.03.22"]
[Round "4"]
[White "Thies, Dietmar"]
[Black "Huebner, Stefan"]
[Result "1-0"]
[WhiteElo "1982"]
[BlackElo "1515"]
[PlyCount "41"]
[EventDate "2007.03.20"]
[EventType "swiss"]
[EventRounds "9"]
[EventCountry "GER"]
[SourceTitle "EXT 2008"]
[Source "ChessBase"]
[SourceDate "2007.11.25"]
[SourceVersion "1"]
[SourceVersionDate "2007.11.25"]
[SourceQuality "1"]

1. e4 e6 2. d4 d5 3. Nc3 Bb4 4. e5 c5 5. a3 Bxc3+ 6. bxc3 Qc7 7. Nf3 Nc6 8. h4 cxd4 9. cxd4 Nge7 10. c3 h5 11. Bd3 f6 12. Bf4 Nxd4 13. cxd4 Qc3+ 14. Kf1 f5 15. Bb5+ Kf8 16. Qc1 Qa5 17. Rb1 a6 18. Bd2 Qd8 19. Bd3 Rb8 20. g3 Bd7 21. Kg2 1-0

[Event "Leipzig VfB op 14th"]
[Site "Leipzig"]
[Date "2007.03.20"]
[Round "1"]
[White "Bessert, Maximilian"]
[Black "Thies, Dietmar"]
[Result "0-1"]
[WhiteElo "1177"]
[BlackElo "1982"]
[PlyCount "58"]
[EventDate "2007.03.20"]
[EventType "swiss"]
[EventRounds "9"]
[EventCountry "GER"]
[SourceTitle "EXT 2008"]
[Source "ChessBase"]
[SourceDate "2007.11.25"]
[SourceVersion "1"]
[SourceVersionDate "2007.11.25"]
[SourceQuality "1"]

1. e4 c5 2. Bc4 e6 3. Nc3 Nc6 4. Nf3 d6 5. d3 Nf6 6. Bg5 Be7 7. 0-0 0-0 8. Re1 Qc7 9. Bb5 Bd7 10. Bxc6 Bxc6 11. d4 cxd4 12. Nxd4 a6 13. f4 h6 14. Bh4 Nxe4 15. Nxc6 Bxh4 16. Rxe4 bxc6 17. f5 Qe7 18. Qg4 Bf6 19. fxe6 Bxc3 20. bxc3 f5 21. Qh4 Rf6 22. Re3 Re8 23. Rae1 f4 24. Re4 d5 25. Re5 f3 26. Qf2 fxg2 27. Qxg2 Qc5+ 28. R1e3 Rexe6 29. Rxe6 Rxe6 0-1

[Event "Werther Schloss op-B 12th"]
[Site "Werther"]
[Date "2006.04.09"]
[Round "4"]
[White "Thies, Dietmar"]
[Black "Hoelting, Siegfried"]
[Result "0-1"]
[WhiteElo "1803"]
[BlackElo "1927"]
[PlyCount "66"]
[EventDate "2006.04.07"]
[EventType "swiss"]
[EventRounds "5"]
[EventCountry "GER"]
[SourceTitle "EXT 2008"]
[Source "ChessBase"]
[SourceDate "2007.11.25"]
[SourceVersion "1"]
[SourceVersionDate "2007.11.25"]
[SourceQuality "1"]

1. e4 c5 2. Nf3 d6 3. d4 cxd4 4. Nxd4 Nf6 5. Nc3 a6 6. Bc4 e6 7. Bb3 Qc7 8. Bg5 Be7 9. 0-0 Nc6 10. Kh1 h6 11. Be3 b5 12. Nxc6 Qxc6 13. Qd3 Bb7 14. f3 0-0 15. Rad1 Nd7 16. a4 b4 17. Ne2 Nc5 18. Qc4 Nxb3 19. Qxb3 a5 20. Nd4 Qc8 21. Rf2 Ba6 22. Nb5 Rd8 23. Bb6 Rd7 24. Be3 Rb8 25. Na7 Qc7 26. c3 Bc4 27. Qc2 bxc3 28. Qxc3 Bf6 29. Qc1 d5 30. exd5 exd5 31. Rc2 Qb7 32. Rdd2 Re8 33. Bg1 Bg5 0-1

[Event "Werther Schloss op-B 12th"]
[Site "Werther"]
[Date "2006.04.08"]
[Round "3"]
[White "Peter, Guenter"]
[Black "Thies, Dietmar"]
[Result "1/2-1/2"]
[WhiteElo "1854"]
[BlackElo "1803"]
[PlyCount "80"]
[EventDate "2006.04.07"]
[EventType "swiss"]
[EventRounds "5"]
[EventCountry "GER"]
[SourceTitle "EXT 2008"]
[Source "ChessBase"]
[SourceDate "2007.11.25"]
[SourceVersion "1"]
[SourceVersionDate "2007.11.25"]
[SourceQuality "1"]

1. d4 d5 2. c4 dxc4 3. e3 e5 4. Bxc4 exd4 5. exd4 Nf6 6. Nc3 Be7 7. Nge2 0-0 8. 0-0 Nbd7 9. Bb3 h6 10. Nf4 Bd6 11. Re1 Nb6 12. Ng6 Re8 13. Rxe8+ Qxe8 14. Bf4 Bxf4 15. Nxf4 Bg4 16. Qd3 Qd7 17. h3 Bf5 18. Qf3 c6 19. Rd1 Re8 20. Nd3 Be6 21. Nc5 Qc8 22. Nxe6 fxe6 23. Ne4 Qd8 24. Nc5 Qc8 25. Ne4 Nxe4 26. Qxe4 Nd5 27. Re1 Qd7 28. Qe5 Qc7 29. Qh5 Qf7 30. Qg4 Qf4 31. Rxe6 Qxg4 32. Rxe8+ Kf7 33. hxg4 Kxe8 34. Bxd5 cxd5 35. g5 hxg5 36. Kh2 Kf7 37. Kg3 Kf6 38. Kg4 Kg6 39. g3 Kf6 40. f3 Kg6 1/2-1/2

[Event "Werther Schloss op-B 12th"]
[Site "Werther"]
[Date "2006.04.08"]
[Round "2"]
[White "Thies, Dietmar"]
[Black "Meyer, Bettina"]
[Result "0-1"]
[WhiteElo "1803"]
[BlackElo "1944"]
[PlyCount "100"]
[EventDate "2006.04.07"]
[EventType "swiss"]
[EventRounds "5"]
[EventCountry "GER"]
[SourceTitle "EXT 2008"]
[Source "ChessBase"]
[SourceDate "2007.11.25"]
[SourceVersion "1"]
[SourceVersionDate "2007.11.25"]
[SourceQuality "1"]

1. e4 e6 2. d4 d5 3. Nc3 Bb4 4. e5 Ne7 5. a3 Bxc3+ 6. bxc3 c5 7. Nf3 b6 8. Bb5+ Bd7 9. Bd3 Ba4 10. h4 c4 11. Be2 h6 12. h5 Kd7 13. g4 Qg8 14. Be3 Qh7 15. Kd2 Nbc6 16. Rc1 f6 17. Bf4 Raf8 18. Bg3 Rf7 19. Rh4 a6 20. Rb1 b5 21. Rc1 a5 22. Ke1 Rhf8 23. Rh2 b4 24. exf6 gxf6 25. axb4 axb4 26. Qd2 b3 27. Bd1 Qe4+ 28. Kf1 bxc2 29. Be2 e5 30. Rh4 exd4 31. Nxd4 Nxd4 32. cxd4 Qe6 33. Qb4 Qc6 34. Kg2 Nc8 35. Rhh1 Nd6 36. Rhe1 Ne4 37. Bf3 f5 38. Bxe4 fxe4 39. Bh4 Bb3 40. Ra1 Rc8 41. Ra5 Ke8 42. f3 Qe6 43. fxe4 Qxg4+ 44. Bg3 Qf3+ 45. Kh3 Qxh5+ 46. Kg2 Qf3+ 47. Kh3 c1Q 48. Rxc1 Bd1 49. Qe1 Qh5+ 50. Kg2 Bf3+ 0-1

[Event "Werther Schloss op-B 11th"]
[Site "Werther"]
[Date "2005.03.20"]
[Round "5"]
[White "Hevendehl, Hanns Adolf"]
[Black "Thies, Dietmar"]
[Result "1-0"]
[WhiteElo "2037"]
[BlackElo "1796"]
[PlyCount "53"]
[EventDate "2005.03.18"]
[EventType "swiss"]
[EventRounds "5"]
[EventCountry "GER"]
[SourceTitle "EXT 2006"]
[Source "ChessBase"]
[SourceDate "2005.11.24"]
[SourceVersion "1"]
[SourceVersionDate "2005.11.24"]
[SourceQuality "1"]

1. c4 e5 2. Nc3 Nf6 3. g3 d5 4. cxd5 Nxd5 5. Bg2 Nb6 6. d3 Nc6 7. Nf3 Be7 8. 0-0 0-0 9. a3 a5 10. Nb5 Be6 11. b3 f6 12. a4 Qd7 13. Bd2 Rad8 14. Qc2 Nd5 15. Rab1 f5 16. Qb2 Bf6 17. Ng5 e4 18. d4 e3 19. Nxe6 Qxe6 20. Bxd5 exf2+ 21. Rxf2 Qxd5 22. e3 Qd7 23. Qc2 Bg5 24. Rbf1 g6 25. Qc4+ Qf7 26. Nxc7 Kg7 27. Ne6+ 1-0

[Event "Leipzig VfB op 12th"]
[Site "Leipzig"]
[Date "2005.03.04"]
[Round "6"]
[White "Boehme, Sebastian"]
[Black "Thies, Dietmar"]
[Result "0-1"]
[WhiteElo "1503"]
[BlackElo "1796"]
[PlyCount "20"]
[EventDate "2005.01.03"]
[EventType "swiss"]
[EventRounds "9"]
[EventCountry "GER"]
[SourceTitle "EXT 2008"]
[Source "ChessBase"]
[SourceDate "2007.11.25"]
[SourceVersion "1"]
[SourceVersionDate "2007.11.25"]
[SourceQuality "1"]

1. d4 d5 2. Nf3 Nf6 3. c4 dxc4 4. Qc2 a6 5. Qxc4 b5 6. Qc2 Bb7 7. g3 Nc6 8. Bg2 Nxd4 9. Qc3 e5 10. Be3 Bb4 0-1

[Event "Werther Schloss op-B 8th"]
[Site "Werther"]
[Date "2002.03.22"]
[Round "1"]
[White "Schroeder, Juergen"]
[Black "Thies, Dietmar"]
[Result "1/2-1/2"]
[WhiteElo "1943"]
[BlackElo "1770"]
[PlyCount "53"]
[EventDate "2002.03.22"]
[EventType "swiss"]
[EventRounds "5"]
[EventCountry "GER"]
[SourceTitle "EXT 2006"]
[Source "ChessBase"]
[SourceDate "2005.11.24"]
[SourceVersion "1"]
[SourceVersionDate "2005.11.24"]
[SourceQuality "1"]

1. e4 c5 2. Nf3 d6 3. d3 g6 4. g3 Bg7 5. Bg2 e6 6. 0-0 Ne7 7. Nbd2 Nbc6 8. Re1 Qc7 9. a4 Bd7 10. Nc4 0-0 11. c3 a6 12. a5 Rad8 13. Qe2 e5 14. Bd2 Be6 15. b4 h6 16. Ne3 d5 17. exd5 Nxd5 18. Rac1 Rfe8 19. Nxd5 Bxd5 20. Be3 e4 21. dxe4 Rxe4 22. Qd2 Bc4 23. Qc2 Bd3 24. Qa2 Bc4 25. Qc2 Bd3 26. Qa2 Bc4 27. Qc2 1/2-1/2